| 000 | 00594nam a2200181 a 4500 | ||
|---|---|---|---|
| 001 | 000036503 | ||
| 005 | 20200930075752.0 | ||
| 008 | 120119s1989 ag 000 0 spa d | ||
| 020 | _a9509840084 | ||
| 040 |
_aDO-SdBNP _bspa _cBNPHU |
||
| 082 |
_axxx _bC334c |
||
| 100 | 1 |
_aCasabianca, Ruth _948851 |
|
| 245 | 1 | 0 |
_aComo equivocarse menos en terapia / _cRuth Casabianca, Hugo Hirsch. |
| 260 |
_aBuenos Aires : _bCentro de Publicaciones. Universidad Nacional del Litoral, _c1989. |
||
| 300 |
_a125 p. ; _c20 cm. |
||
| 500 | _aIncluye notas al pie de las páginas. | ||
| 700 | 1 |
_aHirsch, Hugo _948852 |
|
| 999 |
_c35994 _d35994 |
||